000 00644nam a2200241 i 4500
001 C2-0253074
003 PPAK
005 20180727220211.0
008 040114s1985 enka|||| ||||| | eng d
020 _a0241114349
040 _aPPAK
_beng
_cPPAK
_erda
082 0 4 _a823
_223
090 0 0 _a823
_bGRA
_dK
100 1 _aGraham, Bob,
_eauthor
245 1 0 _aWhere is Sarah?
264 1 _aLondon :
_bHamish Hamilton ,
_c1985
300 _a[n.p.] :
_bcolour illustrations ;
_c18 cm
336 _2rdacontent
_atext
337 _2rdamedia
_aunmediated
338 _2rdacarrier
_avolume
650 1 0 _aChildren's stories, English
942 _ddc
_cB
999 _c66004
_d66004